000 00622nam a22002297a 4500
003 OSt
005 20140310182003.0
008 121121t xxu||||| |||| 00| 0 eng d
020 _a0195853342
050 _aPZ 7
_b.V531 1993
082 _aKF
_bV59o #3
100 _aVerne, Jules
245 _aAround the world in eighty days /
_cJules Verne.
260 _aHongkong
_bOxford University Press Ltd
_c1993
300 _a89 p. ;
_bill. ;
_c21 cm.
541 _j1
562 _e1
650 _aFiction
_9746
650 _aAdventures and Adventurers
_xFiction
_95351
700 _aVerne, Jules
942 _2lcc
_cBK-KF
_kKF
999 _c8036
_d8036